00824nam a22002297a 4500003000400000005001700004008004100021020001900062040002900081050002400110100002300134245006800157260003000225300000900255650003700264650004400301650002800345650002300373942001500396952016600411999001700577OSt20260619134344.0260619b |||||||| |||| 00| 0 eng d a97803010215325 cChuka University Library aBV 4579.5b.B8 1994 aBuford, Bob930598 aHalf Time: Changing your Game Plan from Success to Significance aMichiganbZondervanc1994 a196p aMiddle age Religious life930599 aMiddle age Psychological aspects930600 aSelf-realization911403 aContentment930601 2lcccBKn0 00102lcc40708LGLaCHKbCHKcGENd2026-06-19eDonations from Books for Africag1705.89l0oBV 4579.5 .B8 1994p35618/2026r2026-06-19 13:47:09w2026-06-19yBK c24943d24943